| 000 | 00610nam a2200181 i 4500 | ||
|---|---|---|---|
| 001 | 95396 | ||
| 003 | ES-MaACL | ||
| 005 | 20251017063055.0 | ||
| 007 | t| | ||
| 008 | 050527s1928 sp ||||1| spa d | ||
| 100 | 1 |
_aLlano Roza de Ampudia, Aurelio de, _d1868-1936 _972702 |
|
| 245 | 1 | 0 |
_aBellezas de Asturias _b: de oriente a occidente / _cpor Aurelio de Llano Roza de Ampudia. |
| 260 |
_aOviedo : _b[s.n.], _c1928 ( _fImp. Gutemberg) |
||
| 300 |
_a538 p. : _bil. ; _c25 cm. |
||
| 651 | 4 |
_aAsturias (Comunidad Autónoma)- _xDescripción. _97830 |
|
| 852 |
_aES-MaACL _jA-709 |
||
| 999 |
_c95396 _d95396 |
||